L'Europe barbare : 476-714 (notice n° 2197597)

détails MARC
000 -LEADER
fixed length control field 01348cam a2200133 4500500
005 - DATE AND TIME OF LATEST TRANSACTION
control field 20260405085434.0
041 ## - LANGUAGE CODE
Language code of text/sound track or separate title fre
042 ## - AUTHENTICATION CODE
Authentication code dc
100 10 - MAIN ENTRY--PERSONAL NAME
Personal name Joye, Sylvie
Relator term author
245 00 - TITLE STATEMENT
Title L'Europe barbare : 476-714
260 ## - PUBLICATION, DISTRIBUTION, ETC.
Name of publisher, distributor, etc. Armand Colin,<br/>
Date of publication, distribution, etc. 2019.<br/>
520 ## - SUMMARY, ETC.
Summary, etc. Entre le Ve et le VIIIe siècle, l’Europe cherche ses marques, bousculée entre la fin de la période romaine et le plein Moyen Âge, au cours de ce qu’on a appelé les «invasions barbares». Le basculement d’un espace centré sur la Méditerranée à un monde davantage tourné vers la mer du Nord marque un premier mouvement dans la constitution de l’Europe.Ce manuel revient sur cette période complexe en décrivant clairement la situation de l’Empire d’Occident avant sa chute en 476 et les caractéristiques de chacun des royaumes barbares qui fleurissent alors, ainsi que le rôle de la christianisation. Il dépeint la montée en puissance du pouvoir des Francs, aux sources de l’Empire de Charlemagne. Présentant un état de la période profondément renouvelé par les recherches des dernières décennies, cet ouvrage montre à quel point l’Europe barbare a été un creuset essentiel pour l’Europe et la réflexion historique.
856 41 - ELECTRONIC LOCATION AND ACCESS
Uniform Resource Identifier <a href="https://shs.cairn.info/l-europe-barbare-476-714--9782200622879?lang=fr&redirect-ssocas=7080">https://shs.cairn.info/l-europe-barbare-476-714--9782200622879?lang=fr&redirect-ssocas=7080</a>

Pas d'exemplaire disponible.

PLUDOC

PLUDOC est la plateforme unique et centralisée de gestion des bibliothèques physiques et numériques de Guinée administré par le CEDUST. Elle est la plus grande base de données de ressources documentaires pour les Étudiants, Enseignants chercheurs et Chercheurs de Guinée.

Adresse

627 919 101/664 919 101

25 boulevard du commerce
Kaloum, Conakry, Guinée

Réseaux sociaux

Powered by Netsen Group @ 2025